| 000 | 00939pam a2200229 a 4500 | ||
|---|---|---|---|
| 020 | _a0312213514 (North America) | ||
| 020 | _a0333650867 (Excluding North America) | ||
| 020 | _a0333734580 (pbk. : excluding North America) | ||
| 082 | 0 | 0 |
_a305.420917671 _bJAW _cN-01, P-49 |
| 100 | 1 |
_aJawad, H. A. _937567 |
|
| 245 | 1 | 4 |
_aThe rights of women in Islam : _ban authentic approach / _cHaifaa A. Jawad. |
| 260 |
_aHoundmills, Basingstoke, Hampshire : _bMacmillan Press ; _aNew York : _bSt. Martin's Press, _c1998. |
||
| 300 |
_aix, 150 p. ; _c23 cm. |
||
| 526 |
_a0 _b0 _c0 _d305_420917671000000_JAW |
||
| 650 | 0 |
_aMuslim women _xSocial conditions. _937568 |
|
| 650 | 0 |
_aNUST _96342 |
|
| 650 | 0 |
_aWomen in Islam. _96551 |
|
| 856 | 4 | 1 | _uhttp://www.loc.gov/catdir/toc/hol052/97049652.html |
| 856 | 4 | 2 | _uhttp://www.loc.gov/catdir/bios/hol057/97049652.html |
| 856 | 4 | 2 | _uhttp://www.loc.gov/catdir/description/hol055/97049652.html |
| 942 |
_2ddc _cBK |
||
| 999 |
_c542412 _d542412 |
||